000 01090nam a2200277 c 4500
999 _c342147
_d342147
003 BLK
005 20230404144425.0
008 180911b bul|||||r ||||||| ||bul||
040 _aBLK
041 _aBUL
_cBUL
080 _aКраезнание
_b908
_z908(497.211)
100 _aНиков, Петър
_eпърви автор
_9287432
_gПопов, Петър Ников
245 0 0 _aБългарското възраждане във Варна и Варненско
_bМитрополит Йоаким и неговата кореспонденция
_cПетър Ников
246 _aLa Renaissance Bulgare a Varna et ses environs
260 _aСофия
_bБАН
_c1934
_fПридворна печ.
300 _aXIX, 494 с., 1 л. : факс., 1 л
_bпортр
_c23 см
380 _a9
490 _aЧастна колекция - Академик Михаил Арнаудов
_gДарение - Основен фонд
500 _aМихаил Арнаудов: негови-книга . - Подчертавания в текста.
500 _aПисмата на митроп. Йоаким до гр. патриаршия се дадени на гр. ез. с парал. прев. на бълг. ез
600 0 _9464647
_aЙоаким, митрополит
655 _aбългарска история
_9487283
852 _aМА 200
_bМА
852 _aЦб 9.235.7085
_bО
856 _i0.00
_ldisable
942 _cKNG
_n0
_s1
944 _aCR
_c1995
_kValK
944 _aED
_c2021-09-16
_kВП
999 _d342147
999 _d342147
999 _d342147